| 000 | 00690nam a22001697a 4500 | ||
|---|---|---|---|
| 999 |
_c12535 _d12535 |
||
| 008 | 190130b ||||| |||| 00| 0 eng d | ||
| 082 |
_22018 _aUT 1146 _bV63 |
||
| 100 |
_aVicente, Claire Joy Q. _935362 |
||
| 245 |
_aLearning motivation in learning second language among UMDC English major Students / _cClaire Joy Q. Vicente, Jean Roselle Marie B. Antolin, and Jessa Mae O. Mondejar |
||
| 260 |
_aDigos City: _bUMDC _cNovember 2018. |
||
| 300 |
_a51 pages; _c30 cm. |
||
| 650 |
_aEducation _vEnglish _xUndergraduate thesis. _935363 |
||
| 700 |
_aVicente, Claire Joy Q. _935362 |
||
| 700 |
_aAntolin, Jean Roselle Marie B. _935364 |
||
| 700 |
_aMondejar, Jessa Mae O. _935365 |
||
| 942 |
_2ddc _cUT |
||